00586cam a22002051a 4500001001300000003000400013005001700017008004100034010001700075035001900092040002100111042001200132050001800144100001600162245008700178260004600265300002000311650003200331999001700363he 65000878 DLC20260227111431.0810619s1962 is 000 0 eng  ahe 65000878  a(OCoLC)7515974 aDLCcFUdFUdDLC apremarc00aD810.J4bS4531 aShabtai, K.10aAs sheep to the slaughter? /cby K. Shabbetai ; with a foreword by Gideon Hausner. aBet Dagan, Israel :bKeshev Press,c1962. a75 p. ;c21 cm. 0aWorld War, 1939-1945xJews. c31190d31190